| 000 | 00664nam a2200253 a 4500 | ||
|---|---|---|---|
| 001 | BRCA_6777 | ||
| 005 | 20190320205603.0 | ||
| 008 | 261011s1933----mx-#######---#000-0#spa-# | ||
| 041 | _aspa | ||
| 044 | _amx | ||
| 050 | 4 |
_aHG2555 _b.R46 _c1933 |
|
| 100 | 1 |
_aRequena, José Luis _916903 |
|
| 245 | 1 | 0 |
_aLa crisis del talón de oro _cJosé Luis Requena |
| 250 | _a2 | ||
| 260 |
_aMéxico _bFénix _c1933 |
||
| 300 |
_a290 p. _c24 cm. |
||
| 500 | _aCon dedicatoria del autor a Franz Mayer | ||
| 500 | _aI140 | ||
| 650 | 1 | 4 |
_aCuestión Monetaria _916904 |
| 650 | 1 | 4 |
_aOro _915666 |
| 650 | 1 | 4 |
_aHistoria económica _y1918 _916905 |
| 902 | _aGFM | ||
| 942 |
_2lcc _cB |
||
| 999 |
_c6460 _d6460 |
||